Normal view MARC view

Entry Nombre personal

Number of records used in: 1

001 - NÚMERO DE CONTROL

  • campo de control: 237505

003 - IDENTIFICADOR DE NÚMERO DE CONTROL

  • campo de control: SpMaBN

005 - FECHA Y HORA DE LA ÚLTIMA TRANSACCIÓN

  • campo de control: 20250727165909.0

008 - ELEMENTOS DE DATO DE LONGITUD-FIJA

  • campo de control de longitud fija: 031127n| aijnnaabn |n aaa

010 ## - NÚMERO DE CONTROL DE LA BIBLIOTECA DEL CONGRESO

  • Número de control de LC: XX1657706

016 ## - NÚMERO DE CONTROL DE UNA AGENCIA BIBLIOGRÁFICA NACIONAL

  • Número de control del registro: BNE20033118003

024 7# - IDENTIFICADOR DE OTROS ESTÁNDARES

  • Número estándar o código: https://orcid.org/0000-0001-8053-1124
  • Fuente: orcid

024 7# - IDENTIFICADOR DE OTROS ESTÁNDARES

  • Número estándar o código: http://viaf.org/viaf/41793994/
  • Fuente: viaf

024 7# - IDENTIFICADOR DE OTROS ESTÁNDARES

  • Número estándar o código: https://isni.org/isni/000000006634654X
  • Fuente: isni

040 ## - FUENTE DE CATALOGACIÓN

  • Centro catalogador/agencia de origen: SpMaBN
  • Lengua de catalogación: spa
  • Centro/agencia transcriptor: SpMaBN
  • Normas de descripción: rdc
  • Convención/Normas de encabezamiento de materia/tesauro: embne

100 1# - ENCABEZAMIENTO-NOMBRE DE PERSONA

  • Nombre de persona: Pérez Gallardo, Helena

375 ## - GÉNERO/SEXO

  • Género: Femenino

377 ## - IDIOMA ASOCIADO

  • Código del idioma: spa
  • Término de lengua/lenguaje: Español

670 ## - FUENTE DE DATOS ENCONTRADOS

  • Cita de la fuente: Fotografía y arquitectura en el siglo XIX, 2015
  • Información encontrada: port. (Helena Pérez Gallardo)

670 ## - FUENTE DE DATOS ENCONTRADOS

  • Cita de la fuente: WWW UCM, 22-7-2015
  • Información encontrada: (Pérez Gallardo, Helena; profesora del Departamento de Arte Contemporáneo, de la Facultad de Geografía e Historia, Universidad Complutense de Madrid; historiadora de fotografía)
  • Identificador Uniforme de Recursos: https://www.ucm.es/dep-arte-contemporaneo/perez-gallardo,-hele na

856 4# - LOCALIZACIÓN Y ACCESO ELECTRÓNICOS

  • Identificador Uniforme de Recursos: http://dialnet.unirioja.es/servlet/autor?codigo=137299